Electric machinery and transformers (Record no. 440)

000 -LEADER
fixed length control field 00469nam a2200193 4500
001 - CONTROL NUMBER
control field 440
003 - CONTROL NUMBER IDENTIFIER
control field BD-DhUET
008 - FIXED-LENGTH DATA ELEMENTS--GENERAL INFORMATION
fixed length control field 140721b xxu||||| |||| 00| 0 eng d
020 ## - INTERNATIONAL STANDARD BOOK NUMBER
International Standard Book Number 81203007755
040 ## - CATALOGING SOURCE
Transcribing agency 0
Modifying agency BD-DhUET
082 ## - DEWEY DECIMAL CLASSIFICATION NUMBER
Classification number 623.1042
Item number KOS/1991
100 ## - MAIN ENTRY--PERSONAL NAME
Personal name Kosow, Irving L.
245 ## - TITLE STATEMENT
Title Electric machinery and transformers
250 ## - EDITION STATEMENT
Edition statement 2nd ed.
260 ## - PUBLICATION, DISTRIBUTION, ETC. (IMPRINT)
Place of publication, distribution, etc. New Delhi
Name of publisher, distributor, etc. Prentice-Hall
Date of publication, distribution, etc. 1991
300 ## - PHYSICAL DESCRIPTION
Extent xiv,626p.
650 #0 - SUBJECT ADDED ENTRY--TOPICAL TERM
Topical term or geographic name as entry element Electric machinery
942 ## - ADDED ENTRY ELEMENTS (KOHA)
Koha item type General Book
Holdings
Not for loan Copy number Koha normalized classification for sorting Date acquired Source of classification or shelving scheme Damaged status Price effective from Koha date last seen Piece designation (barcode) Shelving location Koha item type Location (home branch) Koha full call number Koha date last borrowed Lost status Koha issues (times borrowed) Sublocation or collection (holding branch) Withdrawn status
 1623_104200000000000_KOS_19912014-07-21  2014-07-212014-07-21103680Circulation sectionGeneral BookCentral Library, BUET623.1042/KOS/1991   Central Library, BUET 
 2623_104200000000000_KOS_19912014-07-21  2014-07-212016-12-07103681Circulation sectionGeneral BookCentral Library, BUET623.1042/KOS/1991   Central Library, BUET 
 3623_104200000000000_KOS_19912014-07-21  2014-07-212021-12-15103682Circulation sectionGeneral BookCentral Library, BUET623.1042/KOS/19912021-12-05 1Central Library, BUET 
 4623_104200000000000_KOS_19912014-07-21  2014-07-212014-07-21103683Circulation sectionGeneral BookCentral Library, BUET623.1042/KOS/1991   Central Library, BUET 
 5623_000000000000000_1042KOS1992014-07-21  2014-07-212014-07-21103684Circulation sectionGeneral BookCentral Library, BUET623.1042/KOS/1991   Central Library, BUET 
 6623_104200000000000_KOS_19912014-07-21  2014-07-212014-07-21103685Circulation sectionGeneral BookCentral Library, BUET623.1042/KOS/1991   Central Library, BUET 
 7623_104200000000000_KOS_19912014-07-21  2014-07-212014-07-21103686Circulation sectionGeneral BookCentral Library, BUET623.1042/KOS/1991   Central Library, BUET 
 8623_000000000000000_1042KOS1992014-07-21  2014-07-212016-11-29103688Circulation sectionGeneral BookCentral Library, BUET623.1042/KOS/1991   Central Library, BUET 
 9623_104200000000000_KOS_19912014-07-21  2014-07-212017-03-11103689Circulation sectionGeneral BookCentral Library, BUET623.1042/KOS/1991   Central Library, BUET